• 首页
  • 本馆介绍
  • 公告通知
  • 最新文献
  • 馆藏检索
  • 电子资源
  • 读者导购
  • 参考咨询
  • 我的图书馆
  • 登录
  • 详细信息显示
  • 放入我的书架
  • 预约/预借图书
  • 作者相关作品
  • 分类相关作品
  • 丛书相关作品
  • 出版社相关作品

书目信息

  • 表格格式
  • 工作单格式
  • 卡片格式
题名:
食品乳化剂
    
 
作者: 胡德亮 , 陈丽花 , 黄恺 编著
分册:  
出版信息: 北京   中国轻工业出版社  2018重印
页数: 333页
开本: 24cm
丛书名: 食品添加剂丛书
单 册:
中图分类: TS202.3 , TS202.3
科图分类:
主题词: 食品添加剂--Shi Pin Tian Jia Ji--乳化剂--基本知识
电子资源:
ISBN: 978-7-5019-8197-7
000 01424nam 2200337 45
001 012001002456
005 20140101104244.0
010    @a978-7-5019-8197-7@dCNY45.00
099    @aCAL 012011324360
100    @a20111104d2011 ekmy0chiy50 ea
101 0  @achi
102    @aCN@b110000
105    @aak a 000yy
106    @ar
200 1  @a食品乳化剂@AShi Pin Ru Hua Ji@d= Food emulsifiers@f胡德亮, 陈丽花, 黄恺编著@zeng
210    @a北京@c中国轻工业出版社@d2018重印
215    @a333页@c图@d24cm
225 2  @a食品添加剂丛书@AShi Pin Tian Jia Ji Cong Shu
320    @a有书目 (第325-333页)
330    @a本书系统介绍了食品乳化剂的理化性能、作用机理及乳化剂与食品组分、乳化剂与稳定剂的相互作用;详细介绍了五十余种大类食品乳化剂在乳(乳制品)、饮料、冷冻饮品、焙烤食品、油脂及乳化脂肪植皮、巧克力和糖果、香精香料、肉及肉制品、果蔬和蛋品等农产品涂膜保鲜中的应用工艺与配方,并重点介绍了食品乳化剂的复合技术及应用。
333    @a食品、化工等行业的科研、生产、技术人员、食品卫生、质监部门的技术人员、管理人员、相关院校师生及相关读者。
410  0 @12001@a食品添加剂丛书
510 1  @aFood emulsifiers@zeng
606 0  @a食品添加剂@AShi Pin Tian Jia Ji@x乳化剂@x基本知识
690    @aTS202.3@v4
690    @aTS202.3@v5
701  0 @a胡德亮@AHu De Liang@4编著
701  0 @a陈丽花@AChen Li Hua@4编著
701  0 @a黄恺@AHuang Kai@4编著
801  0 @aCN@b北京卓展@c20191020
905    @b1203506-9@dTS202.3@e316@f4
    
    食品乳化剂= Food emulsifiers/胡德亮, 陈丽花, 黄恺编著.-北京:中国轻工业出版社,2018重印
    333页:图;24cm.-(食品添加剂丛书)
    使用对象:食品、化工等行业的科研、生产、技术人员、食品卫生、质监部门的技术人员、管理人员、相关院校师生及相关读者。
    
    ISBN 978-7-5019-8197-7:CNY45.00
    本书系统介绍了食品乳化剂的理化性能、作用机理及乳化剂与食品组分、乳化剂与稳定剂的相互作用;详细介绍了五十余种大类食品乳化剂在乳(乳制品)、饮料、冷冻饮品、焙烤食品、油脂及乳化脂肪植皮、巧克力和糖果、香精香料、肉及肉制品、果蔬和蛋品等农产品涂膜保鲜中的应用工艺与配方,并重点介绍了食品乳化剂的复合技术及应用。
●
相关链接 在E读中查询图书 在五车中查询图书 在当当中查询图书 在豆瓣中查询图书


正题名:食品乳化剂     索取号:TS202.3/316         预约/预借

序号 登录号 条形码 馆藏地/架位号 状态 备注
1 1203506   212035064   第二样本阅览室/ [索取号:TS202.3/316] 在馆    
2 1203507   212035073   第三借阅区/ [索取号:TS202.3/316] 在馆    
3 1203508   212035082   第三借阅区/ [索取号:TS202.3/316] 在馆    
4 1203509   212035091   第三借阅区/ [索取号:TS202.3/316] 在馆    
唐山师范学院图书馆 欢迎您!
大连网信软件有限公司© 版权所有